| 000 -LEADER |
| fixed length control field |
00621cam a2200205 4500 |
| 005 - DATE AND TIME OF LATEST TRANSACTION |
| control field |
20131114105550.0 |
| 008 - FIXED-LENGTH DATA ELEMENTS--GENERAL INFORMATION |
| fixed length control field |
710329s1971 nyu b 000 0 eng |
| 020 ## - INTERNATIONAL STANDARD BOOK NUMBER |
| International Standard Book Number |
0394430727 |
| 041 0# - LANGUAGE CODE |
| Language code of text/sound track or separate title |
eng |
| 080 ## - UNIVERSAL DECIMAL CLASSIFICATION NUMBER |
| Universal Decimal Classification number |
341 |
| 100 1# - Rafti |
| Rafti |
Douglas, William O. |
| 100 1# - Rafti |
| -- |
(William Orville), |
| -- |
1898-1980. |
| 245 10 - TITLE STATEMENT |
| Title |
International dissent: |
| Statement of responsibility, etc |
[by] William O. Douglas. |
| 260 ## - |
| -- |
New York, |
| -- |
Random House |
| -- |
[1971] |
| 300 ## - |
| -- |
155 p. |
| -- |
21 cm. |
| 500 ## - |
| -- |
Foreword : f. 3-7 |
| 504 ## - BIBLIOGRAPHY, ETC. NOTE |
| Bibliography, etc |
Includes bibliographical references. |
| 650 #0 - |
| -- |
Paqja |
| 650 #0 - |
| -- |
Marrëdhënie ndërkombëtare |
| 942 ## - ADDED ENTRY ELEMENTS (KOHA) |
| Source of classification or shelving scheme |
|
| Item type |
Books |